| 000 | 00962nam a2200253 a 4500 | ||
|---|---|---|---|
| 001 | 000016936 | ||
| 003 | DO-SdBNP | ||
| 005 | 20250306135348.0 | ||
| 008 | 100312s1986 dr r 000 0 spa d | ||
| 040 |
_aDO-SdBNP _bspa _cBNPHU |
||
| 082 |
_a378.1012 _bU58r, 1986 |
||
| 110 | 1 |
_aUniversidad Autónoma de Santo Domingo _972951 |
|
| 245 | 1 | 4 | _aLos reglamentos de la UASD. |
| 260 |
_aSanto Domingo : _bEditora Universitaria, _c1986. |
||
| 300 |
_a2 v. ; _c21 cm. |
||
| 490 | 1 |
_aPublicaciones de la Universidad Autónoma de Santo Domingo _v489, 603 |
|
| 490 | 1 |
_aUniversidad y planificación _v6, 11 |
|
| 590 | _aInventariado, 2018/BT | ||
| 610 | 1 | 0 |
_aUniversidad Autónoma de Santo Domingo _xReglamentos _972951 |
| 650 | 4 |
_aUniversidades _vREGLAMENTOS _91627 |
|
| 830 | 0 |
_aPublicaciones de la Universidad Autónoma de Santo Domingo _n489, 603 _pUniversidad y planificación; 6, 11 _937442 |
|
| 910 | _aValidado. Control de calidad. MMOLINA | ||
| 942 |
_2ddc _cLBS1 |
||
| 999 |
_c16468 _d16468 |
||